Plant resources of South-East Asia
Sparad:
| Huvudupphovsman: | |
|---|---|
| Materialtyp: | Bok |
| Språk: | Undetermined |
| Publicerad: |
Indonesia
PROSEA Foundation
1993
|
| Ämnen: | |
| Taggar: |
Lägg till en tagg
Inga taggar, Lägg till första taggen!
|
| Thư viện lưu trữ: | Trung tâm Học liệu Trường Đại học Cần Thơ |
|---|
| LEADER | 00533nam a2200181Ia 4500 | ||
|---|---|---|---|
| 001 | CTU_38764 | ||
| 008 | 210402s9999 xx 000 0 und d | ||
| 082 | |a 634 | ||
| 082 | |b V513/No.2 | ||
| 100 | |a Verheij, E. W. M. | ||
| 245 | 0 | |a Plant resources of South-East Asia | |
| 245 | 0 | |c E. W. M. Verheij, R. E. Coronel | |
| 260 | |a Indonesia | ||
| 260 | |b PROSEA Foundation | ||
| 260 | |c 1993 | ||
| 650 | |a Fruit trees - bibliography,Nut trees - bibliography | ||
| 904 | |i Hieu | ||
| 980 | |a Trung tâm Học liệu Trường Đại học Cần Thơ | ||